|
|
|
|
| LEADER |
01780nam a22004094a 4500 |
| 001 |
EBC3317384 |
| 003 |
MiAaPQ |
| 005 |
20200520144314.0 |
| 006 |
m o d | |
| 007 |
cr cn||||||||| |
| 008 |
050509s2005 dcuab sb 001 0 eng |
| 010 |
|
|
|z 2005013359
|
| 020 |
|
|
|z 1597260126 (cloth : alk. paper)
|
| 020 |
|
|
|z 1597260134 (pbk. : alk. paper)
|
| 035 |
|
|
|a (MiAaPQ)EBC3317384
|
| 035 |
|
|
|a (Au-PeEL)EBL3317384
|
| 035 |
|
|
|a (CaPaEBR)ebr10149926
|
| 035 |
|
|
|a (OCoLC)560175420
|
| 040 |
|
|
|a MiAaPQ
|c MiAaPQ
|d MiAaPQ
|
| 043 |
|
|
|a n-us---
|
| 050 |
|
4 |
|a HD205
|b .G56 2005
|
| 082 |
0 |
4 |
|a 333.76/16
|2 22
|
| 100 |
1 |
|
|a Ginn, William J.
|
| 245 |
1 |
0 |
|a Investing in nature
|h [electronic resource] :
|b case studies of land conservation in collaboration with business /
|c William J. Ginn.
|
| 260 |
|
|
|a Washington :
|b Island Press,
|c c2005.
|
| 300 |
|
|
|a xv, 209 p. :
|b ill., maps.
|
| 504 |
|
|
|a Includes bibliographical references and index.
|
| 533 |
|
|
|a Electronic reproduction. Ann Arbor, MI : ProQuest, 2015. Available via World Wide Web. Access may be limited to ProQuest affiliated libraries.
|
| 650 |
|
0 |
|a Business enterprises
|x Environmental aspects
|z United States
|x States
|v Case studies.
|
| 650 |
|
0 |
|a Conservation of natural resources
|z United States
|x States
|x Finance
|v Case studies.
|
| 650 |
|
0 |
|a Land use, Rural
|z United States
|x States
|x Planning
|v Case studies.
|
| 650 |
|
0 |
|a Nature conservation
|z United States
|x States
|v Case studies.
|
| 650 |
|
0 |
|a Open spaces
|z United States
|x States
|x Finance
|v Case studies.
|
| 650 |
|
0 |
|a Public-private sector cooperation
|z United States
|x States
|v Case studies.
|
| 655 |
|
4 |
|a Electronic books.
|
| 710 |
2 |
|
|a ProQuest (Firm)
|
| 856 |
4 |
0 |
|u https://ebookcentral.proquest.com/lib/matrademy/detail.action?docID=3317384
|z Click to View
|